000 00581nam a2200181Ia 4500
003 SGT
020 _a9780201309805
082 _a5.8
_bFEG
100 _aFeghhi, Jalal
245 _aDigital certificates : applied Internet security
260 _bAddison Wesley
_aNew Yark
_c1998
300 _a453p.
650 _aCOMPUTER SCIENCE
653 _aSECURITY,CRYPTOGRAPHY,AND DIGITAL CERTIFICATES, APPLIED INTERNET SECURITY, SECURITY MANAGEMENT PRACTICE, THE TRUST DILEMMA, WEB SECURITY AND CERTIFICATES,
700 _aFeghhi, Jalil,
700 _aWilliams, Peter,
942 _2ddc
_cBK
999 _c5618
_d5618